[Event "Gibtelecom AmatWk2 5th"]
[Site "Gibraltar"]
[Date "2007.01.30"]
[Round "3.36"]
[White "Canepa, Mark"]
[Black "Izzard, Brian J"]
[Result "0-1"]
[WhiteElo "1400"]
[BlackElo "1680"]
[PlyCount "106"]
[EventDate "2007.01.28"]
[EventType "swiss"]
[EventRounds "5"]
[EventCountry "GGB"]
[SourceTitle "BritBase"]
[Source "www.saund.co.uk"]
[SourceDate "2018.02.10"]
[SourceVersion "1"]
[SourceVersionDate "2018.02.10"]
[SourceQuality "1"]

1. e4 c5 2. Nf3 d6 3. d4 cxd4 4. Nxd4 Nf6 5. Nc3 a6 6. Be2 e5 7. Nb3 Be6 8. O-O
Be7 9. Re1 h6 10. Be3 O-O 11. Rc1 Nbd7 12. Qd2 Kh7 13. Bd3 Ng4 14. Nd5 Nxe3 15.
Nxe7 Ng4 16. Nf5 Bxf5 17. exf5 Ngf6 18. Re3 d5 19. Rh3 e4 20. Be2 Qc7 21. g4
Qe5 22. Nd4 Rad8 23. Kh1 Rfe8 24. Qe3 Qc7 25. Rg1 Ne5 26. g5 Ng8 27. Qf4 Qd6
28. Bh5 Re7 29. g6+ fxg6 30. Bxg6+ Nxg6 31. Qxd6 Rxd6 32. fxg6+ Rxg6 33. Rxg6
Kxg6 34. Kg2 Nf6 35. Rg3+ Kh7 36. Nf5 Rd7 37. f3 exf3+ 38. Kxf3 Ne4 39. Rg2
Ng5+ 40. Ke3 Ne6 41. h4 g5 42. hxg5 hxg5 43. Nd4 Nxd4 44. Kxd4 Kg6 45. Ke5 d4
46. Rd2 Re7+ 47. Kxd4 Rd7+ 48. Ke3 Rxd2 49. Kxd2 g4 50. c4 Kf5 51. Ke2 Ke4 52.
a4 Kd4 53. b3 Kc3 0-1

[Event "Gibtelecom AmatWk2 5th"]
[Site "Gibraltar"]
[Date "2007.01.31"]
[Round "4.27"]
[White "Kennedy, Philip J"]
[Black "Rough, Robert E"]
[Result "1-0"]
[WhiteElo "1656"]
[BlackElo "1664"]
[PlyCount "91"]
[EventDate "2007.01.28"]
[EventType "swiss"]
[EventRounds "5"]
[EventCountry "GGB"]
[SourceTitle "BritBase"]
[Source "www.saund.co.uk"]
[SourceDate "2018.02.10"]
[SourceVersion "1"]
[SourceVersionDate "2018.02.10"]
[SourceQuality "1"]

1. Nf3 d5 2. g3 Nf6 3. Bg2 e6 4. O-O Be7 5. d3 O-O 6. Nbd2 Nbd7 7. Re1 c6 8. e4
dxe4 9. dxe4 e5 10. b3 Bd6 11. Bb2 Re8 12. Nc4 Bc7 13. Nfxe5 Nxe5 14. Qxd8 Rxd8
15. Bxe5 Bxe5 16. Nxe5 Be6 17. Rad1 Kf8 18. Kf1 Ke7 19. Ke2 Ne8 20. Kf1 f6 21.
Nd3 Nc7 22. Nc5 Rxd1 23. Rxd1 b6 24. Nxe6 Nxe6 25. c3 Rd8 26. Rxd8 Kxd8 27. Ke2
Kd7 28. Bh3 Kd6 29. Bxe6 Kxe6 30. f4 g6 31. Kd3 Kd6 32. b4 Ke6 33. Kd4 Kd6 34.
e5+ fxe5+ 35. fxe5+ Ke6 36. a4 a6 37. a5 c5+ 38. Ke4 bxa5 39. bxa5 h6 40. g4 h5
41. g5 Kd7 42. Kd5 Ke7 43. e6 Kd8 44. Ke5 Ke7 45. h4 Kf8 46. Kf6 1-0

[Event "Gibtelecom AmatWk2 5th"]
[Site "Gibraltar"]
[Date "2007.01.31"]
[Round "4.28"]
[White "Kuenitz, Klaus"]
[Black "Goodfellow, Russell"]
[Result "1-0"]
[WhiteElo "1733"]
[BlackElo "1704"]
[PlyCount "72"]
[EventDate "2007.01.28"]
[EventType "swiss"]
[EventRounds "5"]
[EventCountry "GGB"]
[SourceTitle "BritBase"]
[Source "www.saund.co.uk"]
[SourceDate "2018.02.10"]
[SourceVersion "1"]
[SourceVersionDate "2018.02.10"]
[SourceQuality "1"]

1. d4 f5 2. c4 e6 3. g3 Nf6 4. Bg2 Be7 5. Nf3 O-O 6. O-O d6 7. b3 a5 8. Bb2 Na6
9. Nc3 Qe8 10. Qd2 Rb8 11. Rfe1 Qg6 12. a3 c6 13. e3 Bd7 14. Ne2 Ne4 15. Qxa5
Bd8 16. Qa4 Qe8 17. b4 g5 18. Qc2 Bf6 19. Nd2 d5 20. c5 Qg6 21. Nf1 Rbe8 22. f3
Bg7 23. fxe4 fxe4 24. Nc3 Nc7 25. Re2 Rf7 26. Rf2 Ref8 27. Rxf7 Rxf7 28. Re1
Qf5 29. Re2 Qg6 30. Rf2 Re7 31. a4 Ne8 32. b5 Nf6 33. h3 Nh5 34. b6 e5 35. Ne2
exd4 36. Bxd4 Nf6 1-0

[Event "Gibtelecom AmatWk2 5th"]
[Site "Gibraltar"]
[Date "2007.01.31"]
[Round "4.29"]
[White "Poggio, Freddie"]
[Black "Cole, David"]
[Result "0-1"]
[WhiteElo "1400"]
[BlackElo "1712"]
[PlyCount "106"]
[EventDate "2007.01.28"]
[EventType "swiss"]
[EventRounds "5"]
[EventCountry "GGB"]
[SourceTitle "BritBase"]
[Source "www.saund.co.uk"]
[SourceDate "2018.02.10"]
[SourceVersion "1"]
[SourceVersionDate "2018.02.10"]
[SourceQuality "1"]

1. Nf3 d5 2. e3 c5 3. c3 a6 4. d4 c4 5. Nbd2 Nf6 6. Be2 Nc6 7. Qc2 e6 8. e4 Be7
9. O-O O-O 10. Re1 h6 11. e5 Nh7 12. b3 b5 13. bxc4 bxc4 14. a4 Bd7 15. Ba3
Bxa3 16. Rxa3 Rb8 17. Rb1 Rxb1+ 18. Qxb1 Qc7 19. Ra2 Rb8 20. Rb2 Nf8 21. Nh4
Be8 22. f4 Nd7 23. f5 Rxb2 24. Qxb2 Qb6 25. Qc2 Nxd4 26. cxd4 Qxd4+ 27. Kh1
Qxh4 28. Nf3 Qe4 29. Qxe4 dxe4 30. fxe6 exf3 31. exd7 fxg2+ 32. Kxg2 Bxd7 33.
Bxc4 Bxa4 34. Bxa6 Bb3 35. Kf3 Kf8 36. Ke4 Ke7 37. Bc8 Be6 38. Bb7 g6 39. Kd4
f5 40. Bc6 g5 41. Bb7 h5 42. Ke3 Bb3 43. Bc8 f4+ 44. Kf2 Bd5 45. Bf5 g4 46. Bg6
h4 47. Bf5 g3+ 48. hxg3 hxg3+ 49. Kg1 f3 50. Bh3 Be6 51. Bf1 Kf7 52. Bg2 Bg4
53. Bf1 Ke6 0-1

[Event "Gibtelecom AmatWk2 5th"]
[Site "Gibraltar"]
[Date "2007.01.31"]
[Round "4.30"]
[White "Betari, Abdelkrim"]
[Black "Bath, Tom"]
[Result "1-0"]
[WhiteElo "1300"]
[BlackElo "1400"]
[PlyCount "29"]
[EventDate "2007.01.28"]
[EventType "swiss"]
[EventRounds "5"]
[EventCountry "GGB"]
[SourceTitle "BritBase"]
[Source "www.saund.co.uk"]
[SourceDate "2018.02.10"]
[SourceVersion "1"]
[SourceVersionDate "2018.02.10"]
[SourceQuality "1"]

1. e4 c5 2. Nf3 d6 3. Nc3 a6 4. a4 Nf6 5. Bc4 e5 6. Ng5 Bg4 7. Bxf7+ Kd7 8. f3
Bh5 9. Bxh5 Nxh5 10. h4 Qf6 11. Nd5 Qd8 12. Nf7 Qe8 13. Nxh8 Nc6 14. b4 Be7 15.
bxc5 1-0

[Event "Gibtelecom AmatWk2 5th"]
[Site "Gibraltar"]
[Date "2007.01.31"]
[Round "4.31"]
[White "Livesey, R Nigel"]
[Black "McGladdery, David G"]
[Result "1-0"]
[WhiteElo "1768"]
[BlackElo "1352"]
[PlyCount "123"]
[EventDate "2007.01.28"]
[EventType "swiss"]
[EventRounds "5"]
[EventCountry "GGB"]
[SourceTitle "BritBase"]
[Source "www.saund.co.uk"]
[SourceDate "2018.02.10"]
[SourceVersion "1"]
[SourceVersionDate "2018.02.10"]
[SourceQuality "1"]

1. c4 c5 2. g3 Nc6 3. Bg2 Nf6 4. Nc3 e6 5. d3 h6 6. e4 Be7 7. Nge2 O-O 8. O-O
d6 9. h3 Bd7 10. Be3 Rc8 11. f4 e5 12. f5 Nd4 13. g4 Nh7 14. Nd5 Bh4 15. Rb1
Nf6 16. Nxf6+ Qxf6 17. Nc3 Qd8 18. Nd5 Bf6 19. Qd2 Bc6 20. b4 Bxd5 21. exd5 b6
22. bxc5 bxc5 23. Bxd4 exd4 24. Rb7 Bg5 25. Qc2 Re8 26. Be4 Be3+ 27. Kg2 Qh4
28. Rfb1 h5 29. Qe2 Qg5 30. Qf3 h4 31. a4 Qd8 32. f6 Qxf6 33. Qxf6 gxf6 34.
Rxa7 Ra8 35. Rbb7 Rxa7 36. Rxa7 Rb8 37. Ra6 Rb2+ 38. Kf1 Bf4 39. Ra8+ Kg7 40.
a5 Rb1+ 41. Ke2 Rb2+ 42. Kd1 Rh2 43. Rb8 Rd2+ 44. Ke1 Ra2 45. Ra8 Bd2+ 46. Kd1
Bxa5 47. Ra6 Ra1+ 48. Ke2 Ra2+ 49. Kf3 Ra1 50. Rxd6 Rh1 51. Kg2 Bc7 52. Rd7
Rh2+ 53. Kg1 Rxh3 54. Rxc7 Rg3+ 55. Kh2 Rxg4 56. Rxc5 Rg5 57. Rb5 f5 58. d6 Kf8
59. Bxf5 f6 60. Rb8+ Kf7 61. d7 Rxf5 62. d8=Q 1-0

[Event "Gibtelecom AmatWk2 5th"]
[Site "Gibraltar"]
[Date "2007.01.31"]
[Round "4.32"]
[White "Beadle, John R"]
[Black "Leanse, Martin"]
[Result "0-1"]
[WhiteElo "1680"]
[BlackElo "1664"]
[PlyCount "61"]
[EventDate "2007.01.28"]
[EventType "swiss"]
[EventRounds "5"]
[EventCountry "GGB"]
[SourceTitle "BritBase"]
[Source "www.saund.co.uk"]
[SourceDate "2018.02.10"]
[SourceVersion "1"]
[SourceVersionDate "2018.02.10"]
[SourceQuality "1"]

1. e4 c5 2. Nf3 d6 3. d4 cxd4 4. Nxd4 Nf6 5. Nc3 e6 6. Bb5+ Nbd7 7. O-O a6 8.
Bxd7+ Bxd7 9. Bg5 Be7 10. Qd2 Qc7 11. f4 O-O 12. Rf3 Rfe8 13. Raf1 Qc5 14. Kh1
h6 15. Bh4 b5 16. f5 e5 17. Nb3 Qa7 18. Bxf6 Bxf6 19. Rg3 Kh7 20. Qxd6 Rad8 21.
Qc5 Qxc5 22. Nxc5 Bc8 23. Nd5 Bg5 24. Ra3 b4 25. Ra5 Rd6 26. Nxb4 Bd8 27. Ra3
Rd2 28. Rd3 Re2 29. Nbxa6 Rxc2 30. Rb3 Re7 31. Nc7 {remaining moves
unintelligible} 0-1

[Event "Gibtelecom AmatWk2 5th"]
[Site "Gibraltar"]
[Date "2007.01.31"]
[Round "4.33"]
[White "Izzard, Brian J"]
[Black "Holland, Bruce"]
[Result "1-0"]
[WhiteElo "1680"]
[BlackElo "1184"]
[PlyCount "97"]
[EventDate "2007.01.28"]
[EventType "swiss"]
[EventRounds "5"]
[EventCountry "GGB"]
[SourceTitle "BritBase"]
[Source "www.saund.co.uk"]
[SourceDate "2018.02.10"]
[SourceVersion "1"]
[SourceVersionDate "2018.02.10"]
[SourceQuality "1"]

1. d4 d5 2. c4 dxc4 3. Nc3 Nf6 4. e3 b6 5. Bxc4 Bb7 6. Nf3 e6 7. O-O Be7 8. Re1
O-O 9. e4 Nbd7 10. Bg5 Re8 11. Qb3 Nf8 12. Rad1 c6 13. e5 Nd5 14. Bxe7 Qxe7 15.
Ne4 Nd7 16. Nd6 Reb8 17. Qd3 c5 18. Qd2 Nf8 19. Ng5 f6 20. Ngf7 Bc6 21. f4 f5
22. Qf2 Ng6 23. Bxd5 Bxd5 24. b3 Nh4 25. Ng5 Ng6 26. Qg3 h6 27. Nf3 Nh8 28. Nh4
Rf8 29. Re3 Rad8 30. dxc5 bxc5 31. Rc1 Qc7 32. Rec3 Qb6 33. Qe3 a6 34. Qxc5
Qxc5+ 35. Rxc5 Kh7 36. Rc7 Ng6 37. Nxg6 Kxg6 38. Ra7 Rb8 39. Rxa6 Rb4 40. g3
Rfb8 41. Ra7 Kh5 42. Rxg7 Rd4 43. Rc2 Rd1+ 44. Kf2 Rb4 45. Nc4 Rh1 46. Ke3 Be4
47. Rd2 Ra1 48. h3 Bb1 49. Kf2 1-0

[Event "Gibtelecom AmatWk2 5th"]
[Site "Gibraltar"]
[Date "2007.01.31"]
[Round "4.34"]
[White "Jenner, Tim"]
[Black "Barclay, Richard"]
[Result "0-1"]
[WhiteElo "1232"]
[BlackElo "1752"]
[PlyCount "114"]
[EventDate "2007.01.28"]
[EventType "swiss"]
[EventRounds "5"]
[EventCountry "GGB"]
[SourceTitle "BritBase"]
[Source "www.saund.co.uk"]
[SourceDate "2018.02.10"]
[SourceVersion "1"]
[SourceVersionDate "2018.02.10"]
[SourceQuality "1"]

1. e4 c5 2. c3 d5 3. exd5 Qxd5 4. d4 Nc6 5. Nf3 cxd4 6. Nxd4 Nxd4 7. cxd4 Nf6
8. Nc3 Qd8 9. Bb5+ Bd7 10. Bxd7+ Qxd7 11. O-O e6 12. a3 Be7 13. Re1 O-O 14. Be3
Rfd8 15. Rc1 Ne8 16. Qd2 Bf6 17. Rcd1 Nd6 18. Qe2 Nf5 19. d5 Bxc3 20. dxe6 Qxe6
21. Rxd8+ Rxd8 22. bxc3 Nxe3 23. Qxe3 Qxe3 24. fxe3 Rd3 25. Rb1 b6 26. Rb4 Rxc3
27. Ra4 a5 28. Kf2 Kf8 29. Ke2 Rb3 30. Kf3 Ke7 31. Re4+ Kd7 32. Rd4+ Kc6 33.
Rc4+ Kb7 34. Re4 Rc3 35. Re7+ Rc7 36. Re4 f5 37. Rd4 g6 38. Ke2 Rc2+ 39. Rd2
Rxd2+ 40. Kxd2 b5 41. Kd3 Kc6 42. Kd4 Kd6 43. e4 fxe4 44. Kxe4 Kc5 45. Kd3 g5
46. g3 g4 47. Kc3 h5 48. Kd3 Kd5 49. Kd2 Kd4 50. Kc2 Ke3 51. Kd1 Kf3 52. Ke1
Kg2 53. Ke2 Kxh2 54. Kf1 Kxg3 55. Kg1 b4 56. axb4 axb4 57. Kf1 h4 0-1

[Event "Gibtelecom AmatWk2 5th"]
[Site "Gibraltar"]
[Date "2007.01.31"]
[Round "4.35"]
[White "Sandercock, E Barry"]
[Black "Elmokhtar, Baye"]
[Result "0-1"]
[WhiteElo "1648"]
[BlackElo "1552"]
[PlyCount "98"]
[EventDate "2007.01.28"]
[EventType "swiss"]
[EventRounds "5"]
[EventCountry "GGB"]
[SourceTitle "BritBase"]
[Source "www.saund.co.uk"]
[SourceDate "2018.02.10"]
[SourceVersion "1"]
[SourceVersionDate "2018.02.10"]
[SourceQuality "1"]

1. b4 e6 2. Bb2 Nf6 3. a3 Be7 4. d4 b6 5. Nf3 Bb7 6. e3 O-O 7. c4 d5 8. cxd5
Bxd5 9. Nc3 Bb7 10. Be2 Nbd7 11. O-O Nd5 12. Rc1 Rc8 13. Qa4 Ra8 14. b5 N7f6
15. Ne5 Nxc3 16. Rxc3 Bd6 17. Nc6 Bxc6 18. Rxc6 Nd5 19. g3 f5 20. Bf3 Qg5 21.
Kh1 h5 22. h4 Qg6 23. Qd1 Qh6 24. Bc1 Qh7 25. Rg1 g6 26. Rc2 a5 27. e4 fxe4 28.
Bxe4 Rf7 29. Qd3 Rg7 30. Bg5 Rf8 31. Qb3 Kh8 32. Bxd5 exd5 33. Re1 Rgf7 34. f4
Rf5 35. Re6 Qf7 36. Rce2 Kh7 37. Qe3 Kg7 38. a4 Kh7 39. Be7 Bxf4 40. gxf4 Rxf4
41. Qg3 Rg4 42. Qe3 Qf1+ 43. Kh2 Rf3 44. Qh6+ Kxh6 45. Bg5+ Rxg5 46. hxg5+ Kg7
47. Re7+ Rf7 48. R7e6 Qf4+ 49. Kh1 Qh4+ 0-1

[Event "Gibtelecom AmatWk2 5th"]
[Site "Gibraltar"]
[Date "2007.01.31"]
[Round "4.36"]
[White "Lozano, Mena"]
[Black "Canepa, Mark"]
[Result "1-0"]
[WhiteElo "1352"]
[BlackElo "1400"]
[PlyCount "43"]
[EventDate "2007.01.28"]
[EventType "swiss"]
[EventRounds "5"]
[EventCountry "GGB"]
[SourceTitle "BritBase"]
[Source "www.saund.co.uk"]
[SourceDate "2018.02.10"]
[SourceVersion "1"]
[SourceVersionDate "2018.02.10"]
[SourceQuality "1"]

1. e4 d5 2. exd5 Qxd5 3. Nf3 Bg4 4. Be2 e6 5. Nc3 Qh5 6. d4 Bb4 7. O-O Ne7 8.
Bf4 Bd6 9. Bxd6 cxd6 10. a4 O-O 11. Nb5 Nbc6 12. Nxd6 Rfd8 13. Ne4 Bxf3 14.
Bxf3 Qg6 15. c3 e5 16. Qb3 exd4 17. Ng3 d3 18. Rad1 Rd7 19. Bh5 Qf5 20. Rd2 Ne5
21. f4 N5g6 22. Rfd1 {remaining moves illegible} 1-0

[Event "Gibtelecom AmatWk2 5th"]
[Site "Gibraltar"]
[Date "2007.02.01"]
[Round "5"]
[White "Barclay, Richard"]
[Black "Poggio, Freddie"]
[Result "1-0"]
[WhiteElo "1752"]
[BlackElo "1400"]
[PlyCount "87"]
[EventDate "2007.01.28"]
[EventType "swiss"]
[EventRounds "5"]
[EventCountry "GGB"]
[SourceTitle "BritBase"]
[Source "www.saund.co.uk"]
[SourceDate "2018.02.10"]
[SourceVersion "1"]
[SourceVersionDate "2018.02.10"]
[SourceQuality "1"]

1. d4 d5 2. c4 e6 3. g3 c6 4. b3 Nf6 5. Bg2 Bb4+ 6. Bd2 a5 7. a3 Bxd2+ 8. Nxd2
O-O 9. Ngf3 Nbd7 10. Qc2 Re8 11. Ne5 Nxe5 12. dxe5 Nd7 13. f4 f6 14. exf6 Qxf6
15. O-O b6 16. e4 Qd4+ 17. Kh1 dxc4 18. Nxc4 Qc5 19. Qf2 Qxf2 20. Rxf2 e5 21.
f5 b5 22. Nd6 Rf8 23. Rc1 c5 24. Nxb5 Rb8 25. Bf1 Rf6 26. Nc3 Rd6 27. Bc4+ Kh8
28. Nb5 Rf6 29. Rd2 h6 30. a4 Bb7 31. Rxd7 Bxe4+ 32. Kg1 Bxf5 33. Rd6 Bh3 34.
Rxf6 gxf6 35. Nc3 f5 36. Rd1 f4 37. gxf4 exf4 38. Kf2 Rf8 39. Ne4 Bg4 40. Rd6
h5 41. Nxc5 Re8 42. Ne6 f3 43. Rd8 Rxd8 44. Nxd8 1-0

[Event "Gibtelecom AmatWk2 5th"]
[Site "Gibraltar"]
[Date "2007.02.01"]
[Round "5"]
[White "Bath, Tom"]
[Black "Beadle, John R"]
[Result "1/2-1/2"]
[WhiteElo "1400"]
[BlackElo "1680"]
[PlyCount "54"]
[EventDate "2007.01.28"]
[EventType "swiss"]
[EventRounds "5"]
[EventCountry "GGB"]
[SourceTitle "BritBase"]
[Source "www.saund.co.uk"]
[SourceDate "2018.02.10"]
[SourceVersion "1"]
[SourceVersionDate "2018.02.10"]
[SourceQuality "1"]

1. e4 c5 2. Nf3 Nc6 3. g3 d6 4. Bg2 Bg4 5. d3 Nf6 6. Be3 e5 7. O-O d5 8. Nbd2
d4 9. Bg5 Be7 10. Qe1 b5 11. Nh4 h6 12. Bxf6 Bxf6 13. Nf5 g6 14. f3 Bxf5 15.
exf5 g5 16. f4 Rc8 17. Ne4 Be7 18. f6 Bd6 19. Rd1 g4 20. Nxd6+ Qxd6 21. Bxc6+
Rxc6 22. fxe5 Qe6 23. Rd2 Kd7 24. Re2 Re8 25. Re4 Kc7 26. b3 Ra6 27. Qb1 b4
1/2-1/2

[Event "Gibtelecom AmatWk2 5th"]
[Site "Gibraltar"]
[Date "2007.02.01"]
[Round "5"]
[White "Canepa, Mark"]
[Black "Sandercock, E Barry"]
[Result "0-1"]
[WhiteElo "1400"]
[BlackElo "1648"]
[PlyCount "54"]
[EventDate "2007.01.28"]
[EventType "swiss"]
[EventRounds "5"]
[EventCountry "GGB"]
[SourceTitle "BritBase"]
[Source "www.saund.co.uk"]
[SourceDate "2018.02.10"]
[SourceVersion "1"]
[SourceVersionDate "2018.02.10"]
[SourceQuality "1"]

1. e4 c5 2. Nf3 d6 3. d4 cxd4 4. Nxd4 Nf6 5. Nc3 a6 6. Bc4 b5 7. Bd3 Bb7 8. Bg5
b4 9. Nd5 Nxd5 10. exd5 Bxd5 11. O-O h6 12. Bh4 g5 13. Bg3 Bg7 14. f4 Bxd4+ 15.
Kh1 Bf6 16. Qe2 e6 17. Rad1 Qe7 18. Bc4 Bxc4 19. Qxc4 d5 20. Rxd5 exd5 21. Qc8+
Qd8 22. Re1+ Kf8 23. Qc5+ Be7 24. Qd4 f6 25. fxg5 hxg5 26. Rf1 Nc6 27. Rxf6+
Bxf6 0-1

[Event "Gibtelecom AmatWk2 5th"]
[Site "Gibraltar"]
[Date "2007.02.01"]
[Round "5"]
[White "Cole, David"]
[Black "Betari, Abdelkrim"]
[Result "1-0"]
[WhiteElo "1712"]
[BlackElo "1300"]
[PlyCount "125"]
[EventDate "2007.01.28"]
[EventType "swiss"]
[EventRounds "5"]
[EventCountry "GGB"]
[SourceTitle "BritBase"]
[Source "www.saund.co.uk"]
[SourceDate "2018.02.10"]
[SourceVersion "1"]
[SourceVersionDate "2018.02.10"]
[SourceQuality "1"]

1. d4 c6 2. e4 d5 3. Nc3 dxe4 4. Nxe4 Bf5 5. Ng3 Bg6 6. h4 h5 7. Nf3 Nd7 8. Bd3
Bxd3 9. Qxd3 e6 10. Bf4 Ngf6 11. O-O Be7 12. c4 Qa5 13. a3 b5 14. b4 bxc4 15.
Qxc4 Qb5 16. Rac1 a5 17. Qxc6 Qxc6 18. Rxc6 axb4 19. axb4 Bxb4 20. Rb1 Nd5 21.
Bd6 Bxd6 22. Rxd6 Ke7 23. Rc6 f6 24. Re1 Nf8 25. Nf5+ Kf7 26. Nd6+ Ke7 27. Nc4
Nd7 28. Rcxe6+ Kd8 29. Rd6 Nc3 30. Nb6 Ra7 31. Nd2 Re8 32. Re3 Rxe3 33. fxe3
Ke7 34. Nc8+ Ke8 35. Nxa7 Nd1 36. Nc4 Nf8 37. Nc6 Kf7 38. e4 Ne6 39. Nd8+ Nxd8
40. Rxd8 Nc3 41. e5 Ke7 42. exf6+ gxf6 43. Rd6 f5 44. Rh6 Ne2+ 45. Kf2 Nxd4 46.
Rxh5 f4 47. Rd5 Ne6 48. Kf3 Kf7 49. Ke4 Kf6 50. Rd6 Ke7 51. Ke5 Ng7 52. Kxf4
Ne8 53. Ra6 Nf6 54. Kf5 Nd5 55. Ra7+ Kf8 56. Nd6 Ne3+ 57. Kg6 Nxg2 58. Rf7+ Kg8
59. h5 Nh4+ 60. Kg5 Ng2 61. h6 Ne3 62. Kg6 Nf5 63. h7+ 1-0

[Event "Gibtelecom AmatWk2 5th"]
[Site "Gibraltar"]
[Date "2007.02.01"]
[Round "5"]
[White "Elmokhtar, Baye"]
[Black "Lozano, Mena"]
[Result "1-0"]
[WhiteElo "1552"]
[BlackElo "1352"]
[PlyCount "21"]
[EventDate "2007.01.28"]
[EventType "swiss"]
[EventRounds "5"]
[EventCountry "GGB"]
[SourceTitle "BritBase"]
[Source "www.saund.co.uk"]
[SourceDate "2018.02.10"]
[SourceVersion "1"]
[SourceVersionDate "2018.02.10"]
[SourceQuality "1"]

1. e4 e5 2. Nf3 Nc6 3. Bc4 Nf6 4. Ng5 d5 5. exd5 Nxd5 6. Qf3 Be6 7. Nxe6 fxe6
8. Qh5+ g6 9. Qh3 Qd6 10. Nc3 O-O-O 11. Nxd5 1-0

[Event "Gibtelecom AmatWk2 5th"]
[Site "Gibraltar"]
[Date "2007.02.01"]
[Round "5"]
[White "Garcia Lechugo, Francisco"]
[Black "Jenner, Tim"]
[Result "1/2-1/2"]
[WhiteElo "1300"]
[BlackElo "1232"]
[PlyCount "110"]
[EventDate "2007.01.28"]
[EventType "swiss"]
[EventRounds "5"]
[EventCountry "GGB"]
[SourceTitle "BritBase"]
[Source "www.saund.co.uk"]
[SourceDate "2018.02.10"]
[SourceVersion "1"]
[SourceVersionDate "2018.02.10"]
[SourceQuality "1"]

1. c4 c5 2. g3 g6 3. Bg2 Bg7 4. Nc3 Nc6 5. e3 e6 6. Nge2 Nge7 7. O-O O-O 8. Rb1
Rb8 9. b3 b6 10. Bb2 Bb7 11. Ne4 e5 12. a3 Nf5 13. Qc2 h5 14. Rbd1 Qc7 15. N4c3
a6 16. Nd5 Qd8 17. f4 d6 18. fxe5 Nxe5 19. e4 Nh6 20. d4 Neg4 21. Qc1 Bxd5 22.
exd5 Nf5 23. Rd3 Bh6 24. Qc3 Bg7 25. Qd2 Re8 26. Rff3 Bh6 27. Qc3 Rxe2 28. Rxf5
gxf5 29. dxc5 Ne5 30. c6 Bg7 31. Kf1 Rxb2 32. Qxb2 Nxd3 33. Qd2 Ne5 34. Qf4 Qf6
35. Bh3 Bh6 36. Qxf5 Qxf5+ 37. Bxf5 Ra8 38. c7 Nf3 39. Kg2 Nd4 40. c8=Q+ Rxc8
41. Bxc8 Nxb3 42. Bxa6 Nc5 43. Bb5 f5 44. Kf3 Kf7 45. Kg2 Kf6 46. Be8 Kg5 47.
Kf3 h4 48. Bf7 Bg7 49. Be8 Be5 50. Bb5 Bd4 51. h3 Bc3 52. gxh4+ Kxh4 53. Kf4
Kxh3 54. Kxf5 Be1 55. Kf4 Kg2 1/2-1/2

[Event "Gibtelecom AmatWk2 5th"]
[Site "Gibraltar"]
[Date "2007.02.01"]
[Round "5"]
[White "Kennedy, Philip J"]
[Black "Kuenitz, Klaus"]
[Result "0-1"]
[WhiteElo "1656"]
[BlackElo "1733"]
[PlyCount "104"]
[EventDate "2007.01.28"]
[EventType "swiss"]
[EventRounds "5"]
[EventCountry "GGB"]
[SourceTitle "BritBase"]
[Source "www.saund.co.uk"]
[SourceDate "2018.02.10"]
[SourceVersion "1"]
[SourceVersionDate "2018.02.10"]
[SourceQuality "1"]

1. Nf3 f5 2. d3 g6 3. e4 Bg7 4. Nc3 d6 5. d4 fxe4 6. Nxe4 Nf6 7. Nxf6+ exf6 8.
c3 O-O 9. Be2 Be6 10. O-O Nd7 11. Re1 Bf7 12. Bd3 Re8 13. Be3 Nb6 14. Qc2 Qd7
15. Rad1 Bd5 16. Nd2 Qg4 17. f3 Qd7 18. c4 Bf7 19. Bf2 f5 20. Rxe8+ Rxe8 21.
Re1 Rxe1+ 22. Bxe1 Bxd4+ 23. Kf1 Qe7 24. Bf2 Bxf2 25. Kxf2 Qh4+ 26. Kg1 Qe1+
27. Nf1 Nd7 28. Qe2 Qxe2 29. Bxe2 a5 30. b3 a4 31. bxa4 Nb6 32. Nd2 Nxa4 33.
Bd3 Kg7 34. Kf2 Kf6 35. f4 Ke7 36. Bc2 Nc5 37. Ke3 b5 38. Bb3 bxc4 39. Bxc4 d5
40. Bf1 Ne4 41. Nf3 c5 42. a4 Be8 43. a5 d4+ 44. Ke2 Bb5+ 45. Ke1 Bxf1 46. Kxf1
Kd6 47. Ke2 Kc6 48. h3 Kb5 49. g4 Kxa5 50. Ne5 Kb5 51. g5 c4 52. h4 Nd6 0-1

[Event "Gibtelecom AmatWk2 5th"]
[Site "Gibraltar"]
[Date "2007.02.01"]
[Round "5"]
[White "Leanse, Martin"]
[Black "Izzard, Brian J"]
[Result "1/2-1/2"]
[WhiteElo "1664"]
[BlackElo "1680"]
[PlyCount "33"]
[EventDate "2007.01.28"]
[EventType "swiss"]
[EventRounds "5"]
[EventCountry "GGB"]
[SourceTitle "BritBase"]
[Source "www.saund.co.uk"]
[SourceDate "2018.02.10"]
[SourceVersion "1"]
[SourceVersionDate "2018.02.10"]
[SourceQuality "1"]

1. e4 c5 2. Nf3 d6 3. d4 cxd4 4. c3 Nf6 5. Bd3 g6 6. cxd4 Bg7 7. h3 O-O 8. O-O
b6 9. Qe2 Bb7 10. Nc3 Nc6 11. a3 Rc8 12. Bg5 Nd7 13. Qe3 Na5 14. Rad1 Nc4 15.
Qe2 Na5 16. Qe3 Nc4 17. Qe2 1/2-1/2

[Event "Gibtelecom AmatWk2 5th"]
[Site "Gibraltar"]
[Date "2007.02.01"]
[Round "5"]
[White "McGladdery, David G"]
[Black "Holland, Bruce"]
[Result "1-0"]
[WhiteElo "1352"]
[BlackElo "1184"]
[PlyCount "29"]
[EventDate "2007.01.28"]
[EventType "swiss"]
[EventRounds "5"]
[EventCountry "GGB"]
[SourceTitle "BritBase"]
[Source "www.saund.co.uk"]
[SourceDate "2018.02.10"]
[SourceVersion "1"]
[SourceVersionDate "2018.02.10"]
[SourceQuality "1"]

1. Nf3 d5 2. d4 e6 3. Bf4 c5 4. e3 Nf6 5. c4 cxd4 6. Nxd4 Bb4+ 7. Nc3 Ne4 8.
Qa4+ Qd7 9. Qxb4 Nf6 10. cxd5 Nxd5 11. Nxd5 Qxd5 12. Bb5+ Bd7 13. O-O e5 14.
Nf5 Qe6 15. Nxg7+ 1-0

[Event "Gibtelecom AmatWk2 5th"]
[Site "Gibraltar"]
[Date "2007.02.01"]
[Round "5"]
[White "Rough, Robert E"]
[Black "Livesey, R Nigel"]
[Result "1-0"]
[WhiteElo "1664"]
[BlackElo "1768"]
[PlyCount "79"]
[EventDate "2007.01.28"]
[EventType "swiss"]
[EventRounds "5"]
[EventCountry "GGB"]
[SourceTitle "BritBase"]
[Source "www.saund.co.uk"]
[SourceDate "2018.02.10"]
[SourceVersion "1"]
[SourceVersionDate "2018.02.10"]
[SourceQuality "1"]

1. d4 g6 2. Bf4 Bg7 3. e3 d6 4. Nf3 Nd7 5. c3 e5 6. dxe5 dxe5 7. Bg5 Ngf6 8.
Nbd2 Qe7 9. Be2 O-O 10. h3 e4 11. Nh2 Qc5 12. Bf4 h6 13. Ng4 Kh7 14. O-O h5 15.
Nxf6+ Nxf6 16. Qa4 Bf5 17. Nb3 Qb6 18. Qd4 c6 19. Qxb6 axb6 20. Nd4 Bd7 21.
Rfd1 Nd5 22. Bg3 b5 23. Nb3 b6 24. Bxb5 cxb5 25. Rxd5 Be6 26. Rxb5 Ra6 27. Bc7
Rfa8 28. Nd4 Bc4 29. Rb4 Bd3 30. Rxb6 Rxb6 31. Bxb6 Rb8 32. Bc5 Rxb2 33. Bb4 f5
34. a4 f4 35. a5 fxe3 36. fxe3 Be5 37. a6 Bxa6 38. Rxa6 Rb1+ 39. Kf2 Rb2+ 40.
Ne2 1-0